LEADER 00933nam0 2200277 450 001 000041637 005 20151216121901.0 100 $a20150930d1986----km-y0itaa50------ba 101 0 $arumm 102 $aRO 200 1 $aPoezii$fLucian Blaga$gpostfa?? ?i bibliografie de Cristian Moraru 210 $aBucure?ti$cMinerva$d1986 215 $a382 p.$d20 cm. 606 1 $aPoesia romena 676 $a859.1$v(22. ed.)$9Letteratura romena. Poesia 700 1$aBlaga,$bLucian$0515266 702 1$aMoraru,$bCristian 801 0$aIT$bUniversità della Basilicata - B.I.A.$gREICAT$2unimarc 912 $a000041637 996 $aPoezii$91182033 997 $aUNIBAS BAS $aLETTERE CAT $aSTD104$b01$c20150930$lBAS01$h1242 CAT $aTTM$b30$c20151216$lBAS01$h1219 FMT Z30 -1$lBAS01$LBAS01$mBOOK$1BASA1$APolo Storico-Umanistico$2DSLF$BCollezione DiSLF$3DF/SE111$63740$5F3740$820150930$f02$FPrestabile Generale